[Event "GMB"]
[Site "Wijk aan Zee NED"]
[Date "2004.01.20"]
[Round "9"]
[White "Naiditsch,A"]
[Black "Zhu Chen"]
[Result "0-1"]
[WhiteElo "2576"]
[BlackElo "2495"]

1.e4 c5 2.Nf3 e6 3.d4 cxd4 4.Nxd4 Nc6 5.Nc3 Qc7 6.f4 Nxd4 7.Qxd4 a6 8.a4 b6
9.Be3 Bb7 10.Qxb6 Qxb6 11.Bxb6 Bb4 12.Bd4 Nf6 13.O-O-O Bxc3 14.Bxc3 Bxe4
15.Rg1 Nd5 16.Bxg7 Rg8 17.Bd4 Nxf4 18.g3 Nd5 19.Rd2 d6 20.b3 Ke7 21.Bb2 f5
22.Ba3 Rgc8 23.Bc4 Rc6 24.Bd3 Rb8 25.Kb2 Ne3 26.Re1 Bxd3 27.Rxe3 Be4 28.g4 Kf7
29.gxf5 Bxf5 30.Rg3 d5 31.Rdg2 Kf6 32.Kc1 d4 33.Bb2 e5 34.Rf2 Rbc8 35.Rgg2 Ke6
36.Re2 Kd5 37.b4 Bd3 38.Rd2 Be4 39.Rgf2 Rc4 40.b5 Rxa4 41.b6 Rc6 42.b7 Rb6
43.Rf7 Bg6 44.Re7 Kd6 45.Rg7 Ra2 46.Bc3 Ke6 47.Rg2 Kf6  0-1

[Event "GMB"]
[Site "Wijk aan Zee NED"]
[Date "2004.01.22"]
[Round "10"]
[White "Fressinet,L"]
[Black "Zhu Chen"]
[Result "1-0"]
[WhiteElo "2636"]
[BlackElo "2495"]

1.e4 c5 2.Nf3 e6 3.d4 cxd4 4.Nxd4 Nf6 5.Nc3 Nc6 6.Nxc6 bxc6 7.e5 Nd5 8.Ne4 Qc7
9.f4 Qb6 10.c4 Bb4+ 11.Ke2 f5 12.Nf2 Ba6 13.Kf3 Ne7 14.Be3 Bc5 15.Bxc5 Qxc5
16.Qd6 Qb6 17.b3 c5 18.Be2 Kf7 19.Ke3 Bb7 20.Bf3 Bxf3 21.gxf3 Rhd8 22.Rhg1 Nc8
23.Qd2 d5 24.exd6 Nxd6 25.Qc3 Ne8 26.Rad1 a5 27.Rxd8 Rxd8 28.Rd1 Rxd1 29.Nxd1 Qb4
30.Kd2 Nf6 31.Nf2 Qa3 32.Qc2 Nd7 33.Nd3 Ke7 34.Ke3 a4 35.bxa4 Kd6 36.Qb3 Qxb3
37.axb3 Nb8 38.Ne5 Na6 39.Kd2 Nb4 40.Kc3 Na2+ 41.Kd2 Nb4 42.a5 Na6 43.Kc3 Kc7
44.Nd3 g6 45.b4 cxb4+ 46.Nxb4 Nc5 47.Nd3 Nb7 48.Kb4 Nd6 49.Nc5 e5 50.fxe5 Nf7
51.f4 Nd8 52.Kb5 Nc6 53.Ne6+ Kd7 54.Kb6 Nb4 55.Nc5+  1-0

[Event "GMB"]
[Site "Wijk aan Zee NED"]
[Date "2004.01.24"]
[Round "12"]
[White "Nijboer,F"]
[Black "Zhu Chen"]
[Result "1-0"]
[WhiteElo "2586"]
[BlackElo "2495"]

1.e4 c5 2.Nf3 e6 3.Nc3 Nc6 4.d4 cxd4 5.Nxd4 Qc7 6.Be2 a6 7.O-O Nf6 8.a4 Bb4
9.Bg5 Ne5 10.Bxf6 gxf6 11.Qd2 Be7 12.f4 Nc6 13.Nb3 b6 14.Rad1 Na5 15.f5 Nxb3
16.cxb3 h5 17.Rf3 Bb7 18.Kh1 Rd8 19.Rd3 h4 20.Bf3 Bc8 21.b4 Kf8 22.Ne2 Qe5
23.Nf4 Kg7 24.Rd4 a5 25.Qe3 Qb8 26.Nh5+ Kf8 27.fxe6 fxe6 28.Nf4 Kg7 29.e5 Qxe5
30.Re4 Qxb2 31.Nd5 f5 32.Nxe7 fxe4 33.Qg5+ Kf7 34.Bh5+ Rxh5 35.Qxh5+ Kxe7
36.Qh7+ Kf6 37.Qxh4+ Kg7 38.Qxd8 Qc3 39.Qg5+ Kh7 40.Rf1 Qg7 41.Qh5+  1-0

[Event "Makita-Lakoni GM"]
[Site "Jakarta IND"]
[Date "2004.02.16"]
[Round "1"]
[White "Zhu Chen"]
[Black "Stefanova,A"]
[Result "1/2-1/2"]
[WhiteElo "2495"]
[BlackElo "2478"]

1.d4 d5 2.c4 c6 3.Nf3 Nf6 4.Nc3 a6 5.e3 Bf5 6.Bd3 Bxd3 7.Qxd3 e6 8.O-O Nbd7
9.e4 dxe4 10.Nxe4 Nxe4 11.Qxe4 Nf6 12.Qc2 Be7 13.Bf4 O-O 14.Qb3 Bd6 15.Be5 Rb8
16.Rad1 Qe7 17.Rd3 Rfd8 18.Rfd1 Rd7 19.c5 Bc7 20.Bxc7 Rxc7 21.Ne5 Qd8 22.Rh3 Qd5
23.Qd3 Qe4 24.Qxe4 Nxe4 25.b4 Rd8 26.Re3 Nf6 27.g3 Nd5 28.Rb3 Ne7 29.a4 Nf5
30.g4 Nxd4 31.Rbd3 f6 32.Rxd4 Rxd4 33.Rxd4 fxe5 34.Rd8+ Kf7 35.Kg2 Ke7 36.Rb8 e4
37.f4 exf3+ 38.Kxf3 Kf6 39.Ke4 Rd7 40.h4 h6 41.Rf8+ Ke7 42.Rg8 Kf7 43.Rb8 Kf6
44.Rf8+ Ke7 45.Rg8  1/2-1/2

[Event "Makita-Lakoni GM"]
[Site "Jakarta IND"]
[Date "2004.02.18"]
[Round "3"]
[White "Zhu Chen"]
[Black "Hoang Thanh Trang"]
[Result "1/2-1/2"]
[WhiteElo "2495"]
[BlackElo "2447"]

1.d4 f5 2.g3 Nf6 3.Bg2 g6 4.Nf3 Bg7 5.O-O O-O 6.c4 d6 7.Nc3 Qe8 8.d5 a5 9.Nd4 Na6
10.e4 fxe4 11.Nxe4 Nxe4 12.Bxe4 Bh3 13.Re1 Qf7 14.Be3 Nc5 15.Bh1 Bd7 16.Qd2 a4
17.Rab1 Rac8 18.Bg2 c6 19.b4 axb3 20.Nxb3 Na4 21.Bd4 Bf5 22.Rbc1 c5 23.Bxg7 Qxg7
24.Be4 Bd7 25.Na5 Ra8 26.Bg2 Bf5 27.Be4 Bd7 28.Bg2 Bf5 29.Be4  1/2-1/2

[Event "Makita-Lakoni GM"]
[Site "Jakarta IND"]
[Date "2004.02.19"]
[Round "4"]
[White "Zhu Chen"]
[Black "Megaranto,S"]
[Result "1-0"]
[WhiteElo "2495"]
[BlackElo "2458"]

1.d4 d5 2.c4 e6 3.cxd5 exd5 4.Nc3 c6 5.Qc2 Nf6 6.Bg5 Be7 7.e3 O-O 8.Bd3 Nbd7
9.Nf3 Re8 10.O-O Nf8 11.h3 Nh5 12.Bxe7 Qxe7 13.a3 g6 14.b4 a6 15.Rab1 Be6
16.a4 Nd7 17.Rfc1 Rec8 18.Qd1 Nhf6 19.Nd2 h5 20.Nb3 Rab8 21.b5 axb5 22.axb5 c5
23.dxc5 Nxc5 24.Nxc5 Rxc5 25.Ne2 Rbc8 26.Rxc5 Rxc5 27.Qa4 Ne4 28.Qd4 Qc7
29.Ra1 Qc8 30.b6 Bf5 31.Bxe4 Bxe4 32.Ng3 Rc1+ 33.Rxc1 Qxc1+ 34.Kh2 Qc6 35.h4 Qd6
36.Kg1 Qc6 37.Ne2 Bc2 38.Nf4 Bb3 39.Kh2 Qd6 40.Kg1 Qc6 41.Nh3 Bc2 42.Ng5 Bf5
43.Qb4 Qd7 44.Qc5 Bg4 45.Nf3 Bxf3 46.gxf3 Qd8 47.Qc7 Qa8 48.Kg2 Qa6 49.Qb8+ Kg7
50.Qa7 Qb5 51.Qxb7  1-0

[Event "Makita-Lakoni GM"]
[Site "Jakarta IND"]
[Date "2004.02.20"]
[Round "5"]
[White "Juswanto,D"]
[Black "Zhu Chen"]
[Result "1-0"]
[WhiteElo "2505"]
[BlackElo "2495"]

1.e4 c5 2.Nf3 d6 3.d4 cxd4 4.Nxd4 Nf6 5.Nc3 a6 6.Bc4 e6 7.a3 b5 8.Ba2 Bb7
9.Qe2 Nc6 10.Nxc6 Bxc6 11.Nd5 Bb7 12.Nxf6+ Qxf6 13.O-O Be7 14.c3 O-O 15.Bd2 Qe5
16.Rae1 Bf6 17.f4 Qc5+ 18.Kh1 Bh4 19.Be3 Qc6 20.Bf2 Bf6 21.Qg4 Rad8 22.Re3 a5
23.Bb1 g6 24.Rh3 Bg7 25.Qh4 h6 26.Rg3 d5 27.e5 b4 28.Bd4 Ba6 29.Re1 bxc3
30.bxc3 Rb8 31.f5 exf5 32.Bxf5 g5 33.Rxg5 Kh8 34.Rxg7 Kxg7 35.e6+ f6 36.Qg3+ Kh8
37.Qg6 Qc7 38.e7  1-0

[Event "Makita-Lakoni GM"]
[Site "Jakarta IND"]
[Date "2004.02.21"]
[Round "6"]
[White "Stefanova,A"]
[Black "Zhu Chen"]
[Result "1/2-1/2"]
[WhiteElo "2478"]
[BlackElo "2495"]

1.d4 d5 2.c4 e6 3.Nf3 c6 4.Qc2 Nf6 5.g3 dxc4 6.Qxc4 b5 7.Qd3 Bb7 8.Bg2 Nbd7
9.O-O a6 10.a4 c5 11.axb5 Be4 12.Qb3 Bd5 13.Qc2 axb5 14.Rxa8 Qxa8 15.Nc3 Bc6
16.dxc5 b4 17.Nd1 Bxc5 18.Be3 Be7 19.Ne1 Bxg2 20.Nxg2 O-O 21.Nf4 Rc8 22.Qb3 Qc6
23.Nd3 Qc2 24.Qxc2 Rxc2 25.Re1 e5 26.f3 Nd5 27.Ba7 b3 28.N1f2 f6 29.Kf1 Nc5
30.Rc1 Ne3+ 31.Ke1 Nc4 32.Rb1 Na4 33.Nd1 f5 34.Ne3 e4 35.fxe4 fxe4 36.Nc1 Nxe3
37.Bxe3 Bb4+ 38.Kf1 Nxb2 39.Nxb3 Nc4 40.Bf4 e3 41.Na1 Nd2+ 42.Kg2 Rc4 43.Rb2 Bc5
44.Nc2 Re4 45.Rb8+ Kf7 46.Rb5 Rc4 47.Nxe3 Bxe3 48.Bxe3 Ne4 49.Bf4 Nf6 50.Be5 Ke6
51.Bb2 Rc7 52.Rb6+ Kf5 53.Kf3 h5 54.Bxf6 gxf6 55.e4+ Kg5 56.h4+ Kg6 57.e5 Rc3+
58.Kf2 Rc2+ 59.Kf3 Rc3+ 60.Kf2 Rc2+ 61.Ke1 Kf5 62.exf6 Kg6 63.Kf1 Ra2 64.Kg1 Rc2
65.Rb5 Rc1+ 66.Kg2 Rc2+ 67.Kf3 Rc3+ 68.Kf4 Rc4+ 69.Ke5 Rc3 70.Rb7 Rc5+ 71.Kd4 Ra5
72.f7 Kg7 73.Ke4 Ra4+ 74.Kf3 Ra3+ 75.Kg2 Ra2+ 76.Kg1 Ra1+ 77.Kf2 Ra2+ 78.Ke3 Ra3+
79.Kf4 Ra4+ 80.Kf5 Rg4 81.f8=Q+ Kxf8 82.Kf6 Kg8 83.Rb3 Kh7 84.Rb5 Rg6+ 85.Kf7 Rg7+
86.Kf6 Rg6+ 87.Ke7 Rg7+ 88.Ke6 Rg6+ 89.Kf5 Rxg3 90.Rb7+ Kh6 91.Rb6+ Kg7 92.Rb7+ Kh6  1/2-1/2

[Event "Makita-Lakoni GM"]
[Site "Jakarta IND"]
[Date "2004.02.22"]
[Round "7"]
[White "Zhu Chen"]
[Black "Adianto,U"]
[Result "1/2-1/2"]
[WhiteElo "2495"]
[BlackElo "2591"]

1.d4 Nf6 2.c4 e6 3.Nc3 Bb4 4.Qc2 O-O 5.a3 Bxc3+ 6.Qxc3 b6 7.Bg5 c5 8.dxc5 bxc5
9.e3 Nc6 10.Bd3 h6 11.Bh4 Qa5 12.Ne2 Qxc3+ 13.Nxc3 Ba6 14.Bxf6 gxf6 15.Be4 Bxc4
16.Bxc6 dxc6 17.Ne4 Rfb8 18.O-O-O f5 19.Nxc5 Rb5 20.Na4 Bb3 21.Nc3 Bxd1 22.Nxb5 Bb3
23.Nd4 Bd5 24.Rd1 Kf8 25.g3 a5 26.Rd2 Ke7 27.Ne2 c5 28.Nc3 Bc6 29.Kd1 Bf3+
30.Kc2 a4 31.Ne2 Rb8 32.Kc3 Rb3+ 33.Kc2 Bxe2 34.Rxe2 c4 35.Rd2 c3 36.bxc3 Rxa3
37.Kd3 Kd6 38.Kc4+ Kc7 39.Rc2 Ra1 40.Kb4 Kc6 41.Rd2 h5 42.h4 e5 43.Rd8 a3
44.Kb3 Kc5 45.Rh8 a2 46.Rxh5 Rf1 47.Kxa2 Rxf2+ 48.Kb3 Kd5 49.Rg5 Ke4 50.Rg7 Rg2
51.c4 f4 52.exf4 exf4 53.Rxf7 Rxg3+ 54.Kb4 Rh3 55.c5 Rxh4 56.c6 f3 57.c7 Rh8
58.Kc5 Rc8 59.Kc6 Ke3 60.Kb7  1/2-1/2

[Event "Makita-Lakoni GM"]
[Site "Jakarta INA"]
[Date "2004.02.23"]
[Round "8"]
[White "Hoang Thanh Trang"]
[Black "Zhu Chen"]
[Result "1/2-1/2"]
[WhiteElo "2447"]
[BlackElo "2495"]

1.d4 d5 2.c4 c6 3.Nf3 Nf6 4.Nc3 e6 5.e3 Nbd7 6.Bd3 dxc4 7.Bxc4 b5 8.Be2 Bb7
9.O-O Be7 10.a3 a5 11.Bd2 O-O 12.Qb3 Qb8 13.Rfc1 Rd8 14.Be1 h6 15.Qc2 Rc8
16.h3 c5 17.dxc5 Rxc5 18.b4 Rc8 19.Qb2 axb4 20.axb4 Rxa1 21.Rxa1 Ne5 22.Nxb5 Nxf3+
23.gxf3 Bxf3 24.Bxf3 Qxb5 25.Ra7 Bd6 26.Qd4 Rc1 27.Qd2 Rb1 28.Bd1 Bxb4 29.Ra8+ Kh7
30.Qc2+ Qf5 31.Rb8 Nd5 32.Kg2 Qg6+ 33.Qxg6+ fxg6 34.Bf3 Rxe1 35.Bxd5 exd5
36.Rxb4 Ra1 37.Rb6 g5 38.Rd6 Ra5 39.Kg3 Kg8 40.Rd7 Kf8 41.Kg4 g6 42.Kg3 Ke8
43.Rh7 h5 44.Rg7 Ra6 45.Kg2 Rd6 46.Kg3 Kf8 47.Rb7 Rf6 48.Rd7 Rf5 49.Rd6 Kg7
50.f3 Re5 51.Kf2 Kf7 52.Ke2 Rf5 53.Kf2 Kg7 54.Ke2 Kf7 55.Kf2 Kg7  1/2-1/2

[Event "Makita-Lakoni GM"]
[Site "Jakarta INA"]
[Date "2004.02.24"]
[Round "9"]
[White "Zhu Chen"]
[Black "Juswanto,D"]
[Result "0-1"]
[WhiteElo "2495"]
[BlackElo "2505"]

1.d4 Nf6 2.c4 e6 3.Nc3 Bb4 4.Qc2 O-O 5.a3 Bxc3+ 6.Qxc3 h6 7.g3 d6 8.Bg2 Re8
9.e4 e5 10.d5 a5 11.b3 c6 12.Ne2 cxd5 13.cxd5 b6 14.O-O Ba6 15.Re1 Nbd7 16.b4 Rc8
17.Qb2 Qc7 18.Bd2 Qc2 19.Ra2 Qxb2 20.Rxb2 Bxe2 21.Rxe2 axb4 22.Bxb4 Rc1+
23.Re1 Rxe1+ 24.Bxe1 Rc8 25.Bd2 Kf8 26.f3 Ra8 27.Bb4 Nc5 28.Bf1 Nfd7 29.Kf2 Ke7
30.Ke3 g6 31.Bb5 f5 32.Bc6 Ra7 33.exf5 gxf5 34.Rb1 h5 35.Kd2 Na6 36.Bc3 Nc7
37.a4 Ra6 38.f4 e4 39.Bd4 Nc5 40.Rb4 Ne8 41.Ke2 Nf6 42.Kf1 Nfd7 43.Kg2 Nd3
44.Rc4 N7c5 45.Kh3 Ne1 46.Kh4 Nf3+ 47.Kxh5 Nxd4 48.Rxd4 Kf6 49.Kh4 Ra7 50.Kh3 Nd3
51.Kg2 Rg7 52.Kf1 Rh7 53.Kg1 Ne1 54.Rb4 Nf3+ 55.Kf2 Rxh2+ 56.Ke3 Ne1 57.Rc4 Nc2+
58.Rxc2 Rxc2 59.Bd7 Rg2  0-1

[Event "Makita-Lakoni GM"]
[Site "Jakarta INA"]
[Date "2004.02.25"]
[Round "10"]
[White "Megaranto,S"]
[Black "Zhu Chen"]
[Result "1/2-1/2"]
[WhiteElo "2458"]
[BlackElo "2495"]

1.e4 c5 2.Nf3 e6 3.d4 cxd4 4.Nxd4 Nf6 5.Bd3 Nc6 6.Nb3 d5 7.exd5 exd5 8.O-O Be7
9.h3 O-O 10.N1d2 Bd6 11.Nf3 Bc7 12.Be3 Re8 13.Re1 Ne4 14.c4 dxc4 15.Bxc4 Be6
16.Bxe6 Rxe6 17.Nbd4 Nxd4 18.Nxd4 Re8 19.Qb3 Bb6 20.Rad1 Qf6 21.Nf3 h6 22.a3 Bxe3
23.Rxe3 Re7 24.Rde1 Nc5 25.Qd5 Ne6 26.Qd6 Ree8 27.Qb4 b6 28.Ne5 Qe7 29.Qg4 Qg5
30.Qf3 Qf4 31.Qh5 Re7 32.g3 Qg5 33.Qf3 Rae8 34.h4 Qf6 35.Qh5 Nd4 36.Ng4 Nf3+
37.Kf1 Nd2+ 38.Kg1 Nf3+ 39.Kf1 Nd2+ 40.Kg1  1/2-1/2

[Event "Accoona Rapid Match"]
[Site "New York USA"]
[Date "2005.03.01"]
[Round "1"]
[White "Zhu Chen"]
[Black "Krush,I"]
[Result "1/2-1/2"]
[WhiteElo "2494"]
[BlackElo "2466"]

1.d4 d5 2.c4 dxc4 3.Nf3 Nf6 4.e3 e6 5.Bxc4 c5 6.O-O Nc6 7.Qe2 cxd4 8.Rd1 Be7
9.Nc3 O-O 10.Nxd4 Qc7 11.Nxc6 Qxc6 12.e4 a6 13.Bg5 b5 14.Bb3 Bb7 15.Rac1 Qe8
16.a3 Rc8 17.e5 Nd7 18.Bf4 Nb6 19.Ne4 Nd5 20.Bg3 Rxc1 21.Rxc1 Qa8 22.Nd6 Bxd6
23.exd6 Rc8 24.Qd2 Rxc1+ 25.Qxc1 Qc8 26.Qxc8+ Bxc8 27.Kf1 Nf6 28.f3 Kf8 29.Ke2 Ke8
30.Kd3 Kd7 31.Kd4 Kc6 32.Bc2 h6 33.Be4+ Nxe4 34.fxe4 f6 35.e5 fxe5+ 36.Kxe5 Kd7
37.Bh4 Bb7 38.Be7 Bxg2 39.Bf8 h5 40.Bxg7 Bf3 41.Bh6 Bd1 42.Bf4 Bf3 43.Kd4 Kc6
44.Kc3 a5 45.Kd4 Bd1 46.Ke5 Kd7 47.Bd2 a4 48.Bf4  1/2-1/2

[Event "Accoona Rapid Match"]
[Site "New York USA"]
[Date "2005.03.01"]
[Round "2"]
[White "Krush,I"]
[Black "Zhu Chen"]
[Result "0-1"]
[WhiteElo "2466"]
[BlackElo "2494"]

1.d4 Nf6 2.c4 e6 3.Nc3 Bb4 4.Qc2 c5 5.dxc5 Qc7 6.Nf3 Bxc5 7.e3 a6 8.b3 b6
9.Bb2 Bb7 10.Be2 Be7 11.g4 d6 12.g5 Nfd7 13.Rg1 Nc5 14.h4 Nc6 15.h5 O-O-O
16.a3 Kb8 17.Rc1 Rc8 18.b4 Nd7 19.Ne4 Rhg8 20.g6 hxg6 21.hxg6 f6 22.Qb1 Rh8
23.b5 Nd8 24.bxa6 Bxa6 25.Nd4 Nc5 26.Nb5 Bxb5 27.cxb5 Ndb7 28.a4 d5 29.Nxc5 Bxc5
30.Kf1 Qh2 31.Bc3 Rh4 32.Qa1 Nd6 33.Bf3 Qh3+ 34.Bg2 Qf5 35.Ke2 Rh2 36.Qb1 Ne4  0-1

[Event "3 Arrows Cup"]
[Site "Jinan CHN"]
[Date "2005.04.14"]
[Round "1"]
[White "Zhu Chen"]
[Black "Hou Yifan"]
[Result "1/2-1/2"]
[WhiteElo "2494"]
[BlackElo "2158"]

1.d4 Nf6 2.c4 e6 3.Nc3 Bb4 4.Qc2 O-O 5.a3 Bxc3+ 6.Qxc3 d6 7.Bg5 Nbd7 8.e3 b6
9.f3 c5 10.Nh3 Ba6 11.O-O-O h6 12.Bh4 Rc8 13.Kb1 Qc7 14.Bg3 cxd4 15.Qxd4 Ne5
16.c5 Bxf1 17.Rhxf1 Qxc5 18.Qxc5 Rxc5 19.Rxd6 Nc4 20.Rd3 Rd5 21.Rfd1 Nxe3
22.Rxd5 Nfxd5 23.Rd2 Nf1 24.Re2 Nxg3 25.hxg3 Rc8 26.Nf2 Kf8 27.Nd3 Ke7 28.Re4 f6
29.Nf4 Nxf4 30.gxf4 Rc5 31.b4 Rd5 32.Kc2 Kd6 33.Rc4 Kd7 34.Re4 b5 35.Re1 Rd4
36.g3 Kd6 37.Kc3 Kd5 38.Rh1 Rc4+ 39.Kd3 a5 40.bxa5 Ra4 41.Kc3 Rxa5 42.Kb4 Ra8
43.Kxb5 Rb8+ 44.Ka4 Kc4 45.Rc1+ Kd3 46.Re1 Ra8+ 47.Kb4 Rb8+ 48.Ka4 Ra8+ 49.Kb3 Rb8+
50.Ka2 Kc2 51.Re2+ Kc3 52.Re3+ Kc2 53.Re2+ Kc3 54.Re3+ Kc2 55.Re2+  1/2-1/2

[Event "3 Arrows Cup"]
[Site "Jinan CHN"]
[Date "2005.04.15"]
[Round "3"]
[White "Zhu Chen"]
[Black "Skripchenko,A"]
[Result "1-0"]
[WhiteElo "2494"]
[BlackElo "2453"]

1.d4 Nf6 2.Nf3 e6 3.c4 b6 4.a3 Bb7 5.Nc3 d5 6.Bg5 Be7 7.Bxf6 Bxf6 8.cxd5 exd5
9.g3 O-O 10.Bg2 Nd7 11.O-O c6 12.Re1 Re8 13.Qd2 Nf8 14.Rad1 Ne6 15.e4 dxe4
16.Nxe4 Nc7 17.Ne5 Nd5 18.Nc3 Rc8 19.Nxd5 cxd5 20.Ng4 Qd6 21.h4 a5 22.Qd3 Red8
23.Nxf6+ Qxf6 24.Re5 Re8 25.Bxd5 Bxd5 26.Rxd5 g6 27.Rb5 Rcd8 28.d5 Rd6 29.Kg2 h5
30.a4 Re5 31.Rd2 Kh7 32.Qd4 Kg7 33.Qc3 Re4 34.Qxf6+ Kxf6 35.b3 Ke5 36.f4+ Kf5
37.Kf3 Re1 38.Rd3 Rf1+ 39.Ke2 Rc1 40.Kf3 Rf1+ 41.Ke3 Re1+ 42.Kd4 Re4+ 43.Kc3 Kg4
44.b4 axb4+ 45.Rxb4 Re1 46.Rb3 Re4 47.Rb4 Re1 48.Kd4 f6 49.Rc4 Ra1 50.Rb4 Rg1
51.Rbb3 Ra1 52.Ra3 Rc1 53.a5 bxa5 54.Rxa5 Rg1 55.Raa3 Rc1 56.Rac3 Rg1 57.Kc5 Rd8
58.d6 Ra1 59.d7 g5 60.fxg5 fxg5 61.Kd6 gxh4 62.Rc4+ Kf5 63.gxh4 Raa8 64.Ke7 Ke5
65.Rc5+ Ke4 66.Rd6 Kf4 67.Rxh5 Kg4 68.Rh7 Kf5 69.h5 Kg5 70.Rd5+ Kh4 71.h6  1-0

[Event "3 Arrows Cup"]
[Site "Jinan CHN"]
[Date "2005.04.16"]
[Round "5"]
[White "Siti,Z"]
[Black "Zhu Chen"]
[Result "0-1"]
[WhiteElo "2158"]
[BlackElo "2494"]

1.e4 c5 2.Nc3 d6 3.f4 Nc6 4.Nf3 g6 5.Bb5 Bd7 6.d3 Bg7 7.O-O a6 8.Bxc6 Bxc6
9.Kh1 Qd7 10.Qe1 Nh6 11.Qg3 f5 12.e5 O-O-O 13.Bd2 Nf7 14.Rae1 dxe5 15.Nxe5 Nxe5
16.fxe5 Qc7 17.Bf4 e6 18.Qe3 h6 19.h3 g5 20.Bh2 f4 21.Qe2 h5 22.Ne4 Rd5 23.Qf2 Rxe5
24.h4 b6 25.Nxg5 Rxg5 26.hxg5 e5 27.Qh4 Qd7 28.Kg1 Qg4 29.Qh3 Kd8 30.c3 Rg8
31.d4 Qxg5 32.dxe5 Bxe5 33.Rf2 Re8 34.Ref1 f3 35.Bxe5 Rxe5 36.Rd1+ Kc7 37.Rfd2 b5
38.Rd8 Qxg2+ 39.Qxg2 fxg2 40.R8d2 Rg5 41.Re1 c4 42.Kh2 Rg4 43.Rg1 Kb6 44.Re1 Rh4+
45.Kg3 Rh1 46.Rdd1 h4+ 47.Kf2 h3  0-1

[Event "3 Arrows Cup"]
[Site "Jinan CHN"]
[Date "2005.04.18"]
[Round "8"]
[White "Zhu Chen"]
[Black "Navabi,S"]
[Result "1-0"]
[WhiteElo "2494"]
[BlackElo "2122"]

1.d4 f5 2.g3 Nf6 3.Bg2 e6 4.Nf3 d5 5.O-O Bd6 6.b3 Qe7 7.c4 c6 8.a4 a5 9.Ba3 Bxa3
10.Nxa3 O-O 11.Nc2 b6 12.Nce1 Bb7 13.Nd3 Ne4 14.Nfe5 Na6 15.Rc1 c5 16.cxd5 exd5
17.Qc2 Rac8 18.Qb2 cxd4 19.Qxd4 Nac5 20.Qb2 Nxd3 21.Nxd3 Qf6 22.Qxf6 Nxf6
23.Nf4 Ne4 24.Rfd1 Rxc1 25.Rxc1 Rc8 26.Rxc8+ Bxc8 27.Nxd5 Be6 28.Bxe4 fxe4
29.Nxb6 Bxb3 30.Kf1 Kf7 31.Ke1 Ke7 32.Kd2 Kd6 33.Kc3 Bf7 34.Nc4+ Kc5 35.Nxa5 Bh5
36.Nb3+ Kb6 37.e3 Bd1 38.Kb4  1-0

[Event "3 Arrows Cup"]
[Site "Jinan CHN"]
[Date "2005.04.19"]
[Round "11"]
[White "Schneider,Ve"]
[Black "Zhu Chen"]
[Result "0-1"]
[WhiteElo "2241"]
[BlackElo "2494"]

1.e4 c5 2.c3 Nf6 3.e5 Nd5 4.Nf3 e6 5.d4 cxd4 6.cxd4 b6 7.Nc3 Nxc3 8.bxc3 Bb7
9.Bd3 Qc7 10.Bd2 d6 11.O-O Nd7 12.Ng5 dxe5 13.Qg4 Be7 14.Rac1 Nf6 15.Qe2 Bd6
16.Bb5+ Kf8 17.dxe5 Bxe5 18.f4 Bd6 19.Bd3 Rd8 20.Kh1 h6 21.Nh3 Qc6 22.Be3 Bc5
23.Bd4 Bxd4 24.cxd4 Qd6 25.Rfd1 g6 26.Qe5 Qxe5 27.dxe5 Nd5 28.Be4 Kg7 29.Nf2 Rc8
30.g3 Rxc1 31.Rxc1 Rc8 32.Nd3 Rxc1+ 33.Nxc1 Ba6 34.Kg1 Nc3 35.Bc6 Bc4 36.a4 g5
37.Kf2 gxf4 38.gxf4 Nd5 39.Kf3 f6 40.Bd7 Kf7 41.Bc6 Ne7 42.Bd7 Ng6 43.exf6 Kxf6
44.Be8 Kf5 45.Bc6 Nxf4 46.Be4+ Ke5  0-1

[Event "Torch Real Estate Cup"]
[Site "Jinan CHN"]
[Date "2005.04.20"]
[Round "1"]
[White "Xie Jun"]
[Black "Zhu Chen"]
[Result "1/2-1/2"]
[WhiteElo "2573"]
[BlackElo "2494"]

1.e4 e5 2.Nf3 Nf6 3.d4 exd4 4.e5 Ne4 5.Qxd4 d5 6.exd6 Nxd6 7.Bd3 Nc6 8.Qf4 Be7
9.Nc3 Qd7 10.O-O Qg4 11.a3 O-O 12.Re1 Qxf4 13.Bxf4 Be6 14.Bxd6 cxd6 15.Nb5 Bg4
16.Be4 Bxf3 17.Bxf3 Bf6 18.c3 Rfd8 19.Rad1 Be5 20.g3 g5 21.Bxc6 bxc6 22.Nd4 Bxd4
23.Rxd4 Rab8 24.Re2 Kf8 25.Red2 Ke7 26.Re2+ Kf8 27.Red2 Ke7 28.Re2+  1/2-1/2

[Event "Torch Real Estate Cup"]
[Site "Jinan CHN"]
[Date "2005.04.23"]
[Round "4"]
[White "Zhu Chen"]
[Black "Liang Zhihua"]
[Result "1-0"]
[WhiteElo "2494"]
[BlackElo "2232"]

1.d4 d5 2.c4 c6 3.Nc3 Nf6 4.e3 a6 5.Nf3 b5 6.c5 Bg4 7.Qb3 Nbd7 8.a4 e5 9.Qa3 b4
10.Qxb4 Rb8 11.Qa3 h5 12.Nb5 cxb5 13.axb5 Bxf3 14.gxf3 Nxc5 15.dxc5 Nd7 16.Bd2 Bxc5
17.Qa5 Qxa5 18.Rxa5 O-O 19.Be2 Bb6 20.Ra3 Rfc8 21.Kd1 Nc5 22.Rg1 Ne6 23.Rc3 Rd8
24.Rc6 d4 25.Kc2 Rd7 26.Ra1 g6 27.Rxa6 Bd8 28.b6 Bh4 29.Bc4 Nd8 30.Rc7 Rd6
31.exd4 exd4 32.Ba5 Ne6 33.b7 d3+ 34.Kd1 Nxc7 35.Bxc7  1-0

[Event "Torch Real Estate Cup"]
[Site "Jinan CHN"]
[Date "2005.04.25"]
[Round "6"]
[White "Zhang Jilin"]
[Black "Zhu Chen"]
[Result "1/2-1/2"]
[WhiteElo "2336"]
[BlackElo "2494"]

1.e4 e5 2.Nf3 Nc6 3.d4 exd4 4.Nxd4 Nf6 5.Nxc6 bxc6 6.e5 Qe7 7.Qe2 Nd5 8.c4 Ba6
9.b3 Qh4 10.a3 Bc5 11.g3 Bxf2+ 12.Qxf2 Qe4+ 13.Kd1 Qxh1 14.Nd2 O-O 15.Kc2 f5
16.Bb2 Rae8 17.Bd3 Qg2 18.Qd4 d6 19.e6 Nf6 20.Bxf5 Qxh2 21.g4 Re7 22.Re1 Bc8
23.Kb1 Rfe8 24.g5 Nh5 25.Nf3 Qf4 26.Qd3 Bxe6 27.Bxh7+ Kh8 28.Rh1 Bg4 29.Nh4 Re1+
30.Ka2 Qxg5 31.Ng6+ Kxh7 32.Ne7+ Kh8 33.Rxe1 Rxe7 34.Rg1 c5  1/2-1/2

[Event "Torch Real Estate Cup"]
[Site "Wuxi CHN"]
[Date "2005.05.08"]
[Round "7"]
[White "Zhu Chen"]
[Black "Skripchenko,A"]
[Result "1/2-1/2"]
[WhiteElo "2494"]
[BlackElo "2453"]

1.d4 Nf6 2.c4 e6 3.Nf3 d5 4.Nc3 dxc4 5.e4 Bb4 6.Bg5 c5 7.Bxc4 cxd4 8.Nxd4 Bxc3+
9.bxc3 Qa5 10.Bb5+ Nbd7 11.Bxf6 Qxc3+ 12.Kf1 gxf6 13.h4 a6 14.Rh3 Qa5 15.Bxd7+ Bxd7
16.Rd3 Rd8 17.Kg1 Ba4 18.Nxe6 Rxd3 19.Ng7+ Kf8 20.Qxd3 Kxg7 21.Qg3+  1/2-1/2

[Event "Torch Real Estate Cup"]
[Site "Wuxi CHN"]
[Date "2005.05.09"]
[Round "8"]
[White "Peng Zhaoqin"]
[Black "Zhu Chen"]
[Result "1/2-1/2"]
[WhiteElo "2392"]
[BlackElo "2494"]

1.d4 Nf6 2.c4 e6 3.Nf3 Bb4+ 4.Nbd2 b6 5.a3 Bxd2+ 6.Bxd2 Bb7 7.Bg5 d6 8.e3 Nbd7
9.Bh4 h6 10.Nd2 Qe7 11.Be2 e5 12.O-O O-O 13.f3 Rfe8 14.Re1 a5 15.Qc2 Qf8
16.Bd3 exd4 17.exd4 Rxe1+ 18.Rxe1 Re8 19.Rd1 d5 20.c5 bxc5 21.Bxf6 Nxf6 22.dxc5 Bc6
23.b4 axb4 24.axb4 Rb8 25.Qc3 Qe8 26.Qd4 Bb5 27.Bxb5 Qxb5 28.Rb1 c6 29.Kf2 Ra8
30.Nf1 Nd7 31.Ne3 Ra2+ 32.Kg3 Nf8 33.Nf5 Ne6 34.Qe5 Re2 35.Ne7+ Kh8 36.Qd6 Kh7
37.Rd1 Qxb4 38.Nxc6 Qb2 39.Rg1 Qc2 40.h3 Qxc5 41.Qxc5 Nxc5 42.Rd1 Ne6 43.f4 Re3+
44.Kf2 Rc3 45.Nb4 Nxf4 46.Nxd5 Rc2+ 47.Kg3 Nxg2 48.Rg1 Rd2 49.Ne7 Ne3 50.Kf3 Nd5
51.Nf5 g6 52.Nd6 Kg8 53.Rb1 Nf6 54.Rb6 Rd3+ 55.Kg2 Kg7 56.Ra6 Nh5 57.h4 Rd4
58.Kh3 Nf4+ 59.Kg3 h5 60.Kf2 Nd5 61.Kg3 Rd3+ 62.Kf2 Nf4 63.Ne8+ Kf8 64.Nf6 Rd8
65.Nh7+ Kg7 66.Ng5 Rd7 67.Kf3 Nd5 68.Ne4 Re7 69.Rd6 Nc7 70.Ng5 Ne6 71.Ne4 Ra7
72.Rd3 Ra4  1/2-1/2

[Event "Torch Real Estate Cup"]
[Site "Wuxi CHN"]
[Date "2005.05.11"]
[Round "10"]
[White "Zhang Jilin"]
[Black "Zhu Chen"]
[Result "0-1"]
[WhiteElo "2336"]
[BlackElo "2494"]

1.e4 c5 2.Nf3 d6 3.d4 cxd4 4.Nxd4 Nf6 5.Nc3 a6 6.Be3 Ng4 7.Bc1 Nf6 8.Be3 e5
9.Nb3 Be6 10.f3 Nbd7 11.Qd2 Be7 12.O-O-O Rc8 13.g4 Nb6 14.g5 Nh5 15.Rg1 O-O
16.Kb1 g6 17.Qf2 Nc4 18.Bxc4 Bxc4 19.Nd5 Bxd5 20.exd5 f6 21.gxf6 Nxf6 22.Qe2 Nh5
23.Nd2 Qd7 24.Ne4 Rf7 25.c4 Qf5 26.Rgf1 Nf6 27.Qd3 Bf8 28.Ng5 Qxd3+ 29.Rxd3 Rd7
30.b3 Nh5 31.Rc1 Bh6 32.Ne6 Bxe3 33.Rxe3 Ng7 34.c5 dxc5 35.Rxe5 b6 36.Nxg7 Kxg7
37.Rd1 Rf8 38.Rd3 Rf4 39.Re6 b5 40.Rxa6 c4 41.bxc4 bxc4 42.Ra4 cxd3 43.Rxf4 Rxd5
44.Kc1 Rc5+ 45.Kd2 Rc2+ 46.Kxd3 Rxa2 47.h4 Kh6 48.Ke4 Re2+ 49.Kd5 Kh5 50.Re4 Rf2
51.Rf4 Rh2 52.Ke5 Rxh4 53.Rf7 Kg5 54.f4+ Kg4 55.Rg7 Rh5+ 56.Ke4 Rh1 57.f5 Re1+
58.Kd3 Kxf5 59.Rxh7 g5 60.Kd2 Re4 61.Rh1 g4 62.Re1 g3  0-1

[Event "Torch Real Estate Cup"]
[Site "Wuxi CHN"]
[Date "2005.05.12"]
[Round "11"]
[White "Zhu Chen"]
[Black "Xu Tong"]
[Result "1/2-1/2"]
[WhiteElo "2494"]
[BlackElo "2167"]

1.d4 Nf6 2.c4 g6 3.Nc3 Bg7 4.e4 d6 5.Nf3 O-O 6.Be2 c5 7.d5 e6 8.Nd2 exd5
9.cxd5 Re8 10.O-O Na6 11.Re1 Nc7 12.a4 b6 13.Bb5 Nxb5 14.axb5 Nd7 15.Nf1 Bb7
16.Bf4 Ne5 17.Qe2 Qc8 18.Ne3 a6 19.Bxe5 Bxe5 20.Nc4 Bxc3 21.bxc3 Qd8 22.bxa6 Rxa6
23.Rab1 b5 24.Ne3 Rb6 25.f3 Ba6 26.Qa2 Qb8 27.Qa5 b4 28.cxb4 cxb4 29.Rb3 Qb7
30.h3 Rb5 31.Qa1 h5 32.Reb1 Qb6 33.Kh2 Rc8 34.Qf6 Ra5 35.f4 Ra2 36.f5 Qd8
37.Qxd8+ Rxd8 38.Rxb4 Re8 39.Rb8 Rxb8 40.Rxb8+ Kg7 41.Rb6 Bd3 42.Rxd6 Bxe4
43.f6+ Kh7 44.Rd7 Re2 45.Rxf7+ Kg8 46.Re7 Rxe3 47.d6 Re2 48.d7 Rxg2+ 49.Kh1 Rd2+
50.Kg1 Bf5 51.Re8+ Kf7 52.d8=Q Rxd8 53.Rxd8 Kxf6 54.Kg2 h4 55.Rd4 Kg5 56.Rb4 Kh5
57.Rb3 Kg5 58.Re3 Kh5 59.Ra3 Kg5 60.Kf2 Kh5 61.Rf3 Kh6 62.Ke3 Kg5 63.Kd4 Kh5
64.Ke5 Kg5 65.Ra3 Bc8 66.Rc3 Bd7 67.Kd6 Bf5 68.Ke7 Be4 69.Kf7 Bf5 70.Kg7 Bd7
71.Rc5+ Bf5 72.Ra5 Kf4 73.Kf6 Bxh3 74.Ra4+ Kg3 75.Kg5 Bf5 76.Rxh4 Kf3 77.Rd4 Ke3
78.Rd1 Ke4 79.Rd8 Ke5 80.Re8+ Kd4 81.Kf4 Kd5 82.Re5+ Kd4 83.Ra5 Kc3 84.Ke3 Kb2
85.Kd2 Bb1 86.Rb5+ Ka1 87.Kc1 Ba2 88.Rg5 Bb3 89.Ra5+ Ba2 90.Kc2 g5 91.Re5 Bb1+
92.Kb3 Ba2+ 93.Kc3 g4 94.Re1+ Bb1 95.Rg1 g3 96.Kb3 g2 97.Rxg2 Bf5 98.Ra2+ Kb1
99.Rf2 Be6+ 100.Ka3 Bd5 101.Rb2+ Ka1 102.Re2 Kb1 103.Re1+ Kc2 104.Re5 Bf7
105.Rb5 Be6 106.Rb2+ Kc1 107.Rb6 Bf7 108.Rb7 Be6 109.Kb4 Kb2 110.Re7 Bg8
111.Re2+ Ka1 112.Ka3 Bh7  1/2-1/2